| 000 | 04825cam a22003855a 4500 | ||
|---|---|---|---|
| 001 | 15665393 | ||
| 005 | 20180415143537.0 | ||
| 008 | 090318s2010 nyua frb 001 0 eng d | ||
| 010 | _a 2009010029 | ||
| 020 | _a9780415999007 (pbk) | ||
| 020 | _a0415999006 (pbk) | ||
| 035 | _a(OCoLC)ocn259266321 | ||
| 040 |
_aDLC _beng _cDLC _dYDX _dBTCTA _dYDXCP _dCDX _dCS1 _dBWX _dMTG _dDLC _dEG-ScBUE |
||
| 043 | _an-us--- | ||
| 082 | 0 | 4 |
_a302.2 _bINT _222 |
| 245 | 0 | 0 |
_aInternational media communication in a global age / _cedited by Guy J. Golan, Thomas J. Johnson, and Wayne Wanta. |
| 250 | _a1st ed. | ||
| 260 |
_aNew York : _bRoutledge, _c2010. |
||
| 300 |
_avii, 480 p. : _bill. ; _c24 cm. |
||
| 490 | 0 | _aCommunication series | |
| 504 | _aIncludes bibliographical references and index. | ||
| 505 | 0 | 0 |
_tThe determinants of international news flow and coverage. Introduction: international news coverage and Americans' image of the world / _rGuy J. Golan, Thomas J. Johnson, and Wayne Wanta -- _tChanging global media landscape, unchanging theories?: international communication research and paradigm testing / _rTsan-Kuo Chang -- _tDetermining the scope of "international" communication: a (living) systems approach / _rShelton A. Gunaratne -- _tInternational news determinants in U.S. news media in the post-Cold War era / _rKuang-Kuo Chang and Tien-Tsung Lee -- _tThe impact of global news coverage on international aid / _rYon Soo Lim and George A. Barnett -- _tCoverage of foreign elections in the United States: a model of international news flow / _rWayne Wanta and Guy J. Golan -- _tDeterminants of international news coverage / _rGuy J. Golan -- _tThe language of international news. How could so much produce so little?: foreign affairs reporting in the wake of 9/11 / _rShahira Fahmy -- _tPatterns and news quality: international stories reported in American media / _rRenee Martin-Kratzer and Esther Thorson -- _tThe influence of contextual factors on the selection of news frames: a cross-national approach to the news coverage of Severe Acute Respiratory Syndrome (SARS) / _rKuang-Kuo Chang... [et al.] -- _tNews as culture: a comparative study of newspaper coverage of the war in Iraq / _rSalma I. Ghanem -- _tFrame building and media framing of the joint counterterrorism: comparing United States-Uganda efforts / _rYusuf Kalyango Jr. -- _tSee no evil, hear no evil, judge as evil?: examining whether Al-Jazeera English-language web site users transfer their belief in its credibility to its satellite network / _rThomas J. Johnson and Shahira Fahmy -- _tAn exploration of the determinants of international news coverage in Australia's online media / _rXiaopeng Wang -- _tBlogs as stealth dissent?: "Eighteen touch dog newspaper" and the tactics, ambiguity, and limits of Internet resistance in China / _rWei Zha and David D. Perlmutter -- _tStrategic global communication. Global integration or local responsiveness?: multinational corporations' public relations strategies and cases / _rJoon Soo Lim -- _tCoordination and control of global public relations to manage cross-national conflict shifts: a multidisciplinary theoretical perspective for research and practice / _rJuan-Carlos Molleda and Alexander Laskin -- _tNetizens unite!: strategic escalation of conflict to manage a cultural crisis / _rSooyoung Cho and Glen T. Cameron -- _tCommunicating with global publics: building a theoretical framework for international public relations / _rPaul S. Lieber and Colin Higgins -- _tColumbia's Juan Valdez campaign: brand revitalization through "authenticity" and "glocal" strategic communications / _rJuan-Carlos Molleda and Marilyn S. Roberts -- _tThe influence of mobile phone advertising on dependency: a cross-cultural study of mobile phone use between American and Chinese youth / _rRan Wei -- _tFractured images |
| 520 | _a"International Media Communication in a Global Age provides a thorough examination of key issues regarding global communication, with a focus on international news and strategic communication. Acknowledging the extensive breadth and scope of the international communication research field, this volume serves as an introduction to the latest trends in global communication scholarship. With contributions from leading international scholars doing work in this field, this collection will serve as an indispensable resource in the field of global media communication research."--Jacket. | ||
| 650 | 7 |
_aForeign news. _2BUEsh |
|
| 650 | 7 |
_aCommunication, International. _2BUEsh |
|
| 650 | 7 |
_aJournalism _zUnited States. _2BUEsh |
|
| 650 | 7 |
_aJournalism _xPolitical aspects. _2BUEsh |
|
| 651 | _2BUEsh | ||
| 653 |
_bCOMAME _cApril2018 |
||
| 655 |
_vReading book _934232 |
||
| 700 | 1 |
_aGolan, Guy J. _eeditor. |
|
| 700 | 1 |
_aJohnson, Thomas J., _d1960-, _eeditor. |
|
| 700 | 1 |
_aWanta, Wayne, _eeditor. |
|
| 942 | _2ddc | ||
| 999 |
_c26513 _d26485 |
||